LEADER 01097nam 2200289Ia 450 001 996387255403316 005 20221108082856.0 035 $a(CKB)1000000000631408 035 $a(EEBO)2248499118 035 $a(OCoLC)13660199 035 $a(EXLCZ)991000000000631408 100 $a19860530d1663 uy | 101 0 $aeng 135 $aurbn||||a|bb| 200 04$aThe Royal remembrancer, or, A Healing letter$b[electronic resource] $ewith arguments and reasons, to the Presbyterians and nonconformists : seasonably offered, from divers learned and conforming persons, to the view of Mr. Calamy, Mr. Jenkins, and others 210 $aLondon $cPrinted for Josias Allen$d1663 215 $a8 p 300 $aReproduction of original in the Union Theological Seminary Library, New York. 330 $aeebo-0160 607 $aGreat Britain$xChurch history$y17th century 701 $aCalamy$b Edmund$f1600-1666.$01002065 801 1$bEAF 801 2$bWaOLN 906 $aBOOK 912 $a996387255403316 996 $aThe Royal remembrancer, or, A Healing letter$92335965 997 $aUNISA LEADER 01225nam a2200313 i 4500 001 991001294159707536 005 20020507190811.0 008 971013s1996 ne ||| | eng 020 $a0792341570 035 $ab10827511-39ule_inst 035 $aLE01310060$9ExL 040 $aDip.to Matematica$beng 082 0 $a515.353 084 $aAMS 35R30 100 1 $aEngl, Heinz W.$041324 245 10$aRegularization of inverse problems /$cby Heinz W. Engl, Martin Hanke and Andreas Neubauer 260 $aDordrecht ; Boston ; London :$bKluwer Academic Publishers,$cc1996 300 $aviii, 321 p ;$c25 cm. 490 0 $aMathematics and its applications ;$v375 500 $aIncludes bibliographical references (p. 299-318) and index 650 4$aInverse problems 700 1 $aHanke, Martin$eauthor$4http://id.loc.gov/vocabulary/relators/aut$0535008 700 1 $aNeubauer, Andreas 907 $a.b10827511$b23-02-17$c28-06-02 912 $a991001294159707536 945 $aLE013 35R ENG11 (1996)$g1$i2013000090740$lle013$o-$pE0.00$q-$rl$s- $t0$u4$v9$w4$x0$y.i10935514$z28-06-02 996 $aRegularization of inverse problems$91455952 997 $aUNISALENTO 998 $ale013$b01-01-97$cm$da $e-$feng$gne $h0$i1 LEADER 00803nam a2200253 i 4500 001 991004367626807536 005 20250217124132.0 008 250217s it er 001 0 ita d 040 $aBibl. Dip.le Aggr. Scienze Giuridiche - Sez. Studi Giuridici$bita$cSocioculturale Scs 041 0 $aita 082 04$a355.009$223 240 10$atitolo uniforme$94300395 245 10$aArte e storia militare /$ca cura di Amedeo Tosti 250 $a2. ed. 260 $aRoma :$bI.R.C.E.,$c1943 300 $a98 p. ;$c17 cm 490 1 $aBibliografie del ventennio 500 $aIndicazione di edizione sulla copertina 650 4$aStoria militare$vSaggi 700 1 $aTosti, Amedeo 830 0$aBibliografie del ventennio 912 $a991004367626807536 996 $aTitolo uniforme$94300395 997 $aUNISALENTO